000 00946nam a2200229Ia 4500
005 20240530110959.0
008 140319s2006 xx 000 0 ara d
020 _a9773372138
040 _aGCL /
_cGCL
082 0 4 _a658.312404 /
_bع ت
_221
100 1 _aعبدالرحمن توفيق
245 1 0 _aتحديد الاحتياجات التدريبية :
_bبين الهدر والاستثمار /
_cعبدالرحمن توفيق
260 _aالقاهرة :
_bمركز الخبرات المهنية للادارة (ببميك) ،
_c2006
300 _a327 ص ؛
_c24 سم
490 _aموسةعة التدريب والتنمية البشرية الجزء الثامن
_v(78)
650 0 4 _aالتدريب الوظيفى
650 0 4 _aالتدريب
650 0 4 _aالرؤساء والمديرون - تدريب
650 0 4 _aالتنمية الادارية
942 _2ddc
_cBK
999 _c67138
_d67138